Which flag is that? #1 - Statistics

General Stats
  • This quiz has been taken 8 times
  • The average score is 6 of 30
Answer Stats
Picture Answer % Correct
Quebec
71%
Cornwall
43%
Sao Paulo
43%
East African Federaton
29%
Netherlands
29%
Rojava
29%
Baden
14%
California
14%
Cantonia
14%
Casamance
14%
Danzing
14%
East Turkestan
14%
Fiume
14%
Hejaz
14%
Juliana Republic
14%
Manchukuo
14%
Matabeleland
14%
Murrawarri
14%
New Afrika
14%
North Borneo
14%
Rebel Zapatista Autonomous Municipalities
14%
Republic of Canada
14%
Rhodesia
14%
Ryukyu
14%
South Brazil
14%
South Island
14%
Taiwan
14%
Trinidad
14%
Wallmapu
14%
West Indies
14%
No matching quizzes found
Score Distribution
Percent of People with Each Score
Percentile by Number Answered
Your Score History
You have not taken this quiz